000 00779nam a2200217 a 4500
008 130806s1999 ||||||||||||||||| || u
020 _a9780761963110
050 _aBF 637.C6 Cha
100 _aChaplin, Jocelyn
245 1 0 _aFeminist counselling in action. (2nd ed.)
_cby Jocelyn Chaplin
250 _a2nd ed.
260 _aLondon:
_bSAGE Publications
_c1999
300 _ax, 144p.
490 _aSage counselling in action
500 _aREFERENCES
650 _aWOMEN--PSYCHOLOGY
650 _aFEMINIST--PSYCHOLOGY
650 _aWOMEN--COUNSELLING
650 0 _aCOUNSELLING--GENDER ASPECTS
995 _aMEDICAL LIBRARY OPEN ACCESS
_e902260
_FCBU-SCHOOL OF MEDICINE LIBRARY (Ndola)
_jBF 637.C6 Cha
_M1
_UAVAILABLE
_WAug 9, 2013
_y902260
_ZMedical Library Open Access Collection
999 _c31441
_d31441